[Event "FRA-chT2 East 0607"]
[Site "France"]
[Date "2007.01.20"]
[Round "5.6"]
[White "Staeger, Pascal"]
[Black "Ziegler, Yvan"]
[Result "1-0"]
[WhiteElo "2106"]
[BlackElo "2002"]
[PlyCount "53"]
[EventDate "2006.10.15"]
[EventType "team"]
[EventRounds "11"]
[EventCountry "FRA"]
[SourceTitle "EXT 2008"]
[Source "ChessBase"]
[SourceDate "2007.11.25"]
[SourceVersion "1"]
[SourceVersionDate "2007.11.25"]
[SourceQuality "1"]
[WhiteTeam "Metz Fischer II"]
[BlackTeam "Selestat"]
[WhiteTeamCountry "FRA"]
[BlackTeamCountry "FRA"]

1. e4 e5 2. Nf3 Nc6 3. c3 Nf6 4. d4 exd4 5. e5 Qe7 6. cxd4 d6 7. Bb5 Bd7 8. 0-0 dxe5 9. dxe5 Ng4 10. Bg5 Qc5 11. Nc3 h6 12. Bh4 g5 13. Bg3 0-0-0 14. Qa4 Ngxe5 15. Nxe5 Nxe5 16. Bxe5 Qxe5 17. Bxd7+ Rxd7 18. Qxa7 c6 19. Na4 Bd6 20. g3 Rdd8 21. Rac1 Kc7 22. Qb6+ Kc8 23. Rfe1 Qf5 24. Nc3 Bc7 25. Qa7 h5 26. Ne4 h4 27. Nc5 1-0

[Event "Selestat op 14th"]
[Site "Selestat"]
[Date "2007.??.??"]
[Round "5"]
[White "Ziegler, Yvan"]
[Black "Brunner, Nicolas"]
[Result "0-1"]
[WhiteElo "2002"]
[BlackElo "2426"]
[PlyCount "42"]
[EventDate "2007.03.01"]
[EventType "swiss"]
[EventRounds "7"]
[EventCountry "FRA"]
[SourceTitle "EXT 2016"]
[Source "ChessBase"]
[SourceDate "2015.10.08"]
[SourceVersion "1"]
[SourceVersionDate "2015.10.08"]
[SourceQuality "1"]

1. e4 c5 2. Nc3 Nc6 3. f4 g6 4. Nf3 Bg7 5. Bc4 e6 6. 0-0 Nge7 7. d3 0-0 8. Qe1 d5 9. Bb3 Na5 10. Bd2 c4 11. dxc4 dxc4 12. Ne2 Nec6 13. Bc3 Bxc3 14. Qxc3 cxb3 15. axb3 b5 16. Rfd1 Qb6+ 17. Kh1 f6 18. Rd6 b4 19. Qd3 Qc7 20. Qd2 Nb7 21. Rd3 Nc5 0-1

[Event "Selestat op 14th"]
[Site "Selestat"]
[Date "2007.??.??"]
[Round "2"]
[White "Ziegler, Yvan"]
[Black "Polard, Gaetan"]
[Result "1-0"]
[WhiteElo "2002"]
[BlackElo "2257"]
[PlyCount "43"]
[EventDate "2007.03.01"]
[EventType "swiss"]
[EventRounds "7"]
[EventCountry "FRA"]
[SourceTitle "CBM 117 Extra"]
[Source "ChessBase"]
[SourceDate "2007.05.09"]
[SourceVersion "1"]
[SourceVersionDate "2007.05.09"]
[SourceQuality "1"]

1. e4 c5 2. Nc3 a6 3. f4 b5 4. Nf3 Bb7 5. d3 e6 6. g3 Ne7 7. Bg2 Qc7 8. 0-0 d5 9. f5 dxe4 10. dxe4 b4 11. fxe6 fxe6 12. Na4 Bxe4 13. Bf4 Qa5 14. Ng5 Bxg2 15. Nxe6 Bxf1 16. Bc7 Qxa4 17. Qd8+ Kf7 18. Rxf1+ Nf5 19. Rxf5+ Kxe6 20. Qd5+ Ke7 21. Rf7+ Ke8 22. Qe6+ 1-0

[Event "FRA-chT2 East 0607"]
[Site "France"]
[Date "2006.12.10"]
[Round "4.6"]
[White "Ziegler, Yvan"]
[Black "Mangone, Pierre"]
[Result "0-1"]
[WhiteElo "1990"]
[BlackElo "2031"]
[PlyCount "76"]
[EventDate "2006.10.15"]
[EventType "team"]
[EventRounds "11"]
[EventCountry "FRA"]
[SourceTitle "EXT 2008"]
[Source "ChessBase"]
[SourceDate "2007.11.25"]
[SourceVersion "1"]
[SourceVersionDate "2007.11.25"]
[SourceQuality "1"]
[WhiteTeam "Selestat"]
[BlackTeam "Gueugnon"]
[WhiteTeamCountry "FRA"]
[BlackTeamCountry "FRA"]

1. e4 c5 2. Nc3 d6 3. f4 Nf6 4. Bc4 e6 5. Nf3 Be7 6. 0-0 0-0 7. d3 d5 8. Bb3 Nc6 9. Qe1 Nd4 10. e5 Nxf3+ 11. Rxf3 Nd7 12. f5 exf5 13. Nxd5 Nb6 14. Nxe7+ Qxe7 15. Qg3 Re8 16. Bh6 g6 17. Re1 Be6 18. Bg5 Qd7 19. c3 Bxb3 20. axb3 Qe6 21. Qh4 h5 22. g4 Qd5 23. Kf2 fxg4 24. Rfe3 Qe6 25. d4 cxd4 26. cxd4 Nd5 27. Bf6 Qf5+ 28. Kg1 Nxe3 29. Rxe3 Rac8 30. Qe1 Rc2 31. Rc3 Rxb2 32. Qe3 Rb1+ 33. Rc1 Rxc1+ 34. Qxc1 g5 35. d5 Rc8 36. Qxg5+ Qxg5 37. Bxg5 Kf8 38. d6 Ke8 0-1

[Event "FRA-chT2 East 0607"]
[Site "France"]
[Date "2006.11.25"]
[Round "2.4"]
[White "Genzling, Alain"]
[Black "Ziegler, Yvan"]
[Result "1/2-1/2"]
[WhiteElo "2215"]
[BlackElo "1990"]
[PlyCount "141"]
[EventDate "2006.10.15"]
[EventType "team"]
[EventRounds "11"]
[EventCountry "FRA"]
[SourceTitle "EXT 2008"]
[Source "ChessBase"]
[SourceDate "2007.11.25"]
[SourceVersion "1"]
[SourceVersionDate "2007.11.25"]
[SourceQuality "1"]
[WhiteTeam "Bischwiller II"]
[BlackTeam "Selestat"]
[WhiteTeamCountry "FRA"]
[BlackTeamCountry "FRA"]

1. e4 e5 2. Bc4 Nc6 3. Nc3 Nf6 4. d3 Bc5 5. Bg5 h6 6. Bh4 d6 7. Nd5 g5 8. Bg3 Nxd5 9. Bxd5 h5 10. h4 g4 11. c3 Qf6 12. Ne2 Be6 13. Qa4 Bd7 14. Qc2 Bb6 15. 0-0-0 0-0-0 16. Bxc6 Bxc6 17. d4 Qg6 18. f3 exd4 19. cxd4 Rde8 20. Bf4 gxf3 21. gxf3 f5 22. d5 Bd7 23. Nc3 Rhf8 24. Bg5 fxe4 25. fxe4 Rf2 26. Rd2 Ref8 27. Re1 Bg4 28. e5 Qxc2+ 29. Kxc2 Rxd2+ 30. Kxd2 Rf2+ 31. Kc1 dxe5 32. Rxe5 Rf8 33. Ne4 Bd4 34. Re7 Rd8 35. d6 cxd6 36. Bf4 Be5 37. Bxe5 dxe5 38. Rxe5 Rd1+ 39. Kc2 Rh1 40. Nf6 Rxh4 41. Nxg4 hxg4 42. Rg5 Kc7 43. Kd3 Rh3+ 44. Kc4 Rh2 45. b4 Rg2 46. a4 a6 47. Rg7+ Kb6 48. b5 axb5+ 49. axb5 Ka7 50. Kb4 g3 51. Ka5 Ra2+ 52. Kb4 g2 53. Kb3 Rd2 54. Kb4 Kb6 55. Rg6+ Kc7 56. Rg7+ Kd6 57. Ka5 Kc5 58. Rg5+ Kc4 59. Kb6 Rb2 60. Rg4+ Kd3 61. Rg5 Ke4 62. Kxb7 Kf4 63. Rxg2 Rxg2 64. b6 Ke5 65. Kc6 Rc2+ 66. Kd7 Rb2 67. Kc7 Ke6 68. b7 Rc2+ 69. Kd8 Rd2+ 70. Kc7 Rd7+ 71. Kc8 1/2-1/2

[Event "FRA-chT2D 0506"]
[Site "France"]
[Date "2006.01.15"]
[Round "6.3"]
[White "Ziegler, Yvan"]
[Black "Ivanov, Jordan"]
[Result "1/2-1/2"]
[WhiteElo "2005"]
[BlackElo "2348"]
[PlyCount "43"]
[EventDate "2005.10.27"]
[EventType "team-tourn"]
[EventRounds "11"]
[EventCountry "FRA"]
[SourceTitle "EXT 2006"]
[Source "ChessBase"]
[SourceDate "2005.11.24"]
[SourceVersion "1"]
[SourceVersionDate "2005.11.24"]
[SourceQuality "1"]
[WhiteTeam "Selestat"]
[BlackTeam "Montrevel en Bresse"]
[WhiteTeamCountry "FRA"]
[BlackTeamCountry "FRA"]

1. e4 c5 2. Nc3 Nc6 3. f4 g6 4. Nf3 Bg7 5. Bc4 e6 6. 0-0 Nge7 7. d3 0-0 8. Qe1 Nd4 9. Nxd4 cxd4 10. Ne2 d5 11. Bb3 a5 12. a4 dxe4 13. dxe4 d3 14. Nc3 Nc6 15. Be3 Nd4 16. Rd1 dxc2 17. Bxc2 Nxc2 18. Rxd8 Rxd8 19. Qh4 Rd3 20. Bc5 Bd7 21. f5 gxf5 22. exf5 1/2-1/2

[Event "FRA-chT2D 0506"]
[Site "France"]
[Date "2005.12.04"]
[Round "4.7"]
[White "Hartweg, Nicolas"]
[Black "Ziegler, Yvan"]
[Result "1-0"]
[WhiteElo "2046"]
[BlackElo "2021"]
[PlyCount "79"]
[EventDate "2005.10.27"]
[EventType "team-tourn"]
[EventRounds "11"]
[EventCountry "FRA"]
[SourceTitle "EXT 2006"]
[Source "ChessBase"]
[SourceDate "2005.11.24"]
[SourceVersion "1"]
[SourceVersionDate "2005.11.24"]
[SourceQuality "1"]
[WhiteTeam "Bischwiller"]
[BlackTeam "Selestat"]
[WhiteTeamCountry "FRA"]
[BlackTeamCountry "FRA"]

1. d4 d5 2. c4 e6 3. Nc3 c5 4. e3 Nf6 5. Nf3 cxd4 6. exd4 Nc6 7. Bg5 Be7 8. Ne5 Qb6 9. Nb5 Nxe5 10. dxe5 Ne4 11. Be3 Qa5+ 12. Bd2 Bb4 13. Nd6+ Nxd6 14. exd6 d4 15. Be2 0-0 16. a3 Bxd2+ 17. Qxd2 Qc5 18. Qb4 b6 19. Qxc5 bxc5 20. Bf3 Rb8 21. b4 Rd8 22. bxc5 Ba6 23. c6 Rbc8 24. d7 Rc7 25. Rc1 g5 26. h3 Kf8 27. Kd2 Ke7 28. Rhe1 f6 29. Bd5 e5 30. h4 g4 31. f4 gxf3 32. gxf3 Kd6 33. f4 Rxc6 34. Bxc6 Kxc6 35. fxe5 fxe5 36. Rxe5 Rxd7 37. Re6+ Rd6 38. Re7 Rd7 39. Rxd7 Kxd7 40. Kd3 1-0

[Event "France-ch U16"]
[Site "Reims"]
[Date "2004.12.04"]
[Round "2"]
[White "Ziegler, Yvan"]
[Black "Guerpillon, Louis"]
[Result "0-1"]
[WhiteElo "1998"]
[BlackElo "2110"]
[PlyCount "110"]
[EventDate "2004.04.??"]
[EventType "swiss"]
[EventRounds "9"]
[EventCountry "FRA"]
[SourceTitle "EXT 2005"]
[Source "ChessBase"]
[SourceDate "2004.11.15"]
[SourceVersion "1"]
[SourceVersionDate "2004.11.15"]
[SourceQuality "1"]

1. e4 e6 2. Nc3 d5 3. Nf3 Nf6 4. e5 Ne4 5. Ne2 Bc5 6. Ned4 Bxd4 7. Nxd4 Nxf2 8. Kxf2 Qh4+ 9. Kf3 Qe4+ 10. Kf2 Qxd4+ 11. Kf3 Qxe5 12. d4 Qh5+ 13. g4 Qg6 14. Bd3 Qf6+ 15. Kg2 b6 16. Rf1 Qe7 17. g5 Ba6 18. Bxa6 Nxa6 19. Qh5 Nb4 20. Rf2 g6 21. Qh6 Qf8 22. Qh4 Nc6 23. Be3 Ne7 24. Bf4 Nf5 25. Qh3 h6 26. Be5 Rg8 27. Qd3 c6 28. Qa6 Qe7 29. Bf6 Qd7 30. a4 hxg5 31. a5 b5 32. Ra3 Nd6 33. Be5 Ne4 34. Rf1 g4 35. Rf4 f5 36. h3 g5 37. Rf1 g3 38. Bxg3 Nxg3 39. Rxg3 Rc8 40. Re3 Rc7 41. Rxf5 g4 42. h4 Rg6 43. Rh5 Qg7 44. Rhe5 Kd7 45. Kg3 Rh6 46. c3 Qh7 47. Kxg4 Rxh4+ 48. Kf3 Rh3+ 49. Kf2 Rh2+ 50. Kf1 Rh1+ 51. Ke2 Qc2+ 52. Kf3 Rf1+ 53. Kg4 Kd8 54. Rg5 Qg2+ 55. Rg3 Qe4+ 0-1

[Event "FRA-ch U16"]
[Site "Le Grand Bornand"]
[Date "2003.??.??"]
[Round "5.9"]
[White "Sillam, Olivier"]
[Black "Ziegler, Yvan"]
[Result "1-0"]
[WhiteElo "2062"]
[BlackElo "2041"]
[PlyCount "97"]
[EventDate "2003.??.??"]
[EventType "swiss"]
[EventRounds "9"]
[EventCountry "FRA"]
[SourceTitle "EXT 2004"]
[Source "ChessBase"]
[SourceDate "2003.11.25"]
[SourceVersion "1"]
[SourceVersionDate "2003.11.25"]
[SourceQuality "1"]

1. d4 d5 2. Nf3 Nf6 3. c4 e6 4. Nc3 c6 5. e3 Nbd7 6. Qc2 Bd6 7. Bd3 0-0 8. 0-0 Re8 9. e4 dxe4 10. Nxe4 Nxe4 11. Bxe4 Nf6 12. Bg5 h6 13. Bh4 g5 14. Bg3 Bxg3 15. hxg3 g4 16. Nh4 Qxd4 17. Rfe1 Nxe4 18. Rxe4 Qg7 19. Nf5 Qg6 20. Rxg4 exf5 21. Rxg6+ fxg6 22. Qd2 Kg7 23. Re1 Be6 24. Qd4+ Kf7 25. b3 b6 26. Qf4 Re7 27. Qxh6 Rg8 28. Qf4 Rd8 29. g4 c5 30. g5 Kg8 31. Qe5 Rf8 32. f4 Ree8 33. Kf2 Rf7 34. Rh1 Rg7 35. Qf6 Bf7 36. Rd1 Re6 37. Rd8+ Re8 38. Rd7 Re6 39. Qd8+ Be8 40. Rxg7+ Kxg7 41. Qc7+ Kf8 42. Qxa7 Rd6 43. a4 Rc6 44. Kf3 Rd6 45. a5 Rd3+ 46. Ke2 Rxb3 47. axb6 Bf7 48. b7 Bxc4+ 49. Kd2 1-0

[Event "FRA-chT2"]
[Site "France"]
[Date "2002.03.??"]
[Round "8"]
[White "Ziegler, Yvan"]
[Black "Delorme, Laurie"]
[Result "0-1"]
[WhiteElo "1870"]
[BlackElo "2022"]
[PlyCount "98"]
[EventDate "2002.??.??"]
[EventType "team"]
[EventRounds "11"]
[EventCountry "FRA"]
[SourceTitle "EXT 2003"]
[Source "ChessBase"]
[SourceDate "2002.11.25"]
[SourceVersion "1"]
[SourceVersionDate "2002.11.25"]
[SourceQuality "1"]

1. e4 c5 2. Nc3 Nc6 3. f4 g6 4. Nf3 Bg7 5. Bc4 e6 6. 0-0 Nge7 7. d3 0-0 8. Qe1 d5 9. Bb3 Na5 10. f5 Nxb3 11. axb3 exf5 12. Bg5 f6 13. Bf4 fxe4 14. dxe4 d4 15. Nb5 Bd7 16. Nd6 Bc6 17. b4 Qb6 18. Nc4 Qxb4 19. Qxb4 cxb4 20. Nxd4 Bxe4 21. Bd6 Rfe8 22. Bxb4 Nd5 23. Ba3 f5 24. Rad1 Rad8 25. c3 f4 26. Rfe1 Nf6 27. Nd6 Re5 28. Nxb7 Rg5 29. Rxe4 Nxe4 30. Nxd8 f3 31. Nxf3 Rf5 32. Ne6 Bh6 33. Re1 Nd2 34. Nxd2 Bxd2 35. Rf1 Be3+ 36. Rf2 Rxf2 37. Bc5 Bxc5 38. Nxc5 Rxb2 39. h3 Rb1+ 40. Kf2 a5 41. Ke3 Kf7 42. g3 Ke7 43. h4 Kd6 44. Kd4 Kc6 45. Kc4 Rb8 46. Nd3 a4 47. g4 a3 48. h5 gxh5 49. gxh5 a2 0-1